El trigo.

Guardado en:
Formato: Deslizar
Series:Materias primas
Materias:
PAN
Etiquetas: Agregar Etiqueta
Sin Etiquetas, Sea el primero en etiquetar este registro!
LEADER 00884ngm a22002295g 4500
001 CEM.cems021952
008 130507b1993##################0###0#####d
005 20240923133032.0
245 0 0 |a El trigo. 
300 |a 15'. 
490 0 |a Materias primas 
500 |a En soporte VHS, consultar en ventanilla. 
505 0 |a Historia del trigo. Clases. Clima, rendimiento y producción mundial. Comercialización. Países productores y consumidores. Fijación del precio. Embargo norteamericano a Rusia en 1983. Productores. Distribución del cereal. Etc. 
538 |a Soporte: VHS - Norma: Pal N - Color - Grabación DRD 1993 - Hitachi=0859 
082 6 2 |. 17/CEA 
653 |a MATERIAS PRIMAS 
653 |a AGRICULTURA 
653 |a TRIGO 
653 |a PAN 
653 |a CEREALES 
653 |a NIVEL SECUNDARIO. 
859 |a CEMS  |b BIB. CEMS - Depto. Recursos Didacticos  |h 622.17  |i CEA  |k DRD  |p 595.12  |t Ej.1